Tín ngưỡng thờ cúng ở Phú Thọ - nền tảng văn hoá gia đình vùng đất Tổ
Giới thiệu từ tín ngưỡng nguyên thuỷ đến tín ngưỡng thờ cúng ông bà, tổ tiên và các Vua Hùng ở Phú Thọ; văn hoá gia đình - một số nét đặc trưng trên địa bàn tỉnh Phú Thọ; các tập tục truyền thống của văn hoá gia đình ở Phú Thọ; ảnh hưởng của lễ giáo đến văn hoá ứng xử trong gia đình của người Việt ở...
সংরক্ষণ করুন:
| প্রধান লেখক: | |
|---|---|
| বিন্যাস: | গ্রন্থ |
| ভাষা: | Vietnamese |
| প্রকাশিত: |
H.
Văn hóa dân tộc
2016
|
| বিষয়গুলি: | |
| ট্যাগগুলো: |
ট্যাগ যুক্ত করুন
কোনো ট্যাগ নেই, প্রথমজন হিসাবে ট্যাগ করুন!
|
| Thư viện lưu trữ: | Mạng thư viện Đại học Đà Nẵng |
|---|
| LEADER | 01628nam a2200325 4500 | ||
|---|---|---|---|
| 001 | 000025082 | ||
| 003 | 21573 | ||
| 005 | 20170508100556.0 | ||
| 008 | 170503s2016 viesd | ||
| 041 | 0 | |a vie | |
| 082 | 1 | 4 | |a 398.410959721 |b ĐĂ-T |
| 100 | 1 | |a Đặng Đình Thuận | |
| 245 | 1 | 0 | |a Tín ngưỡng thờ cúng ở Phú Thọ - nền tảng văn hoá gia đình vùng đất Tổ |c Đặng Đình Thuận |
| 260 | |a H. |b Văn hóa dân tộc |c 2016 | ||
| 300 | |a 223 tr. |c 21 cm. | ||
| 500 | |a ĐTTS ghi: Hội Văn nghệ dân gian Việt Nam | ||
| 520 | 3 | |a Giới thiệu từ tín ngưỡng nguyên thuỷ đến tín ngưỡng thờ cúng ông bà, tổ tiên và các Vua Hùng ở Phú Thọ; văn hoá gia đình - một số nét đặc trưng trên địa bàn tỉnh Phú Thọ; các tập tục truyền thống của văn hoá gia đình ở Phú Thọ; ảnh hưởng của lễ giáo đến văn hoá ứng xử trong gia đình của người Việt ở Phú Thọ | |
| 650 | 0 | 4 | |a Văn hóa dân gian |x Tín ngưỡng dân gian |z Phú Thọ (Việt Nam) |
| 653 | |a Thờ cúng tổ tiên | ||
| 653 | |a Tín ngưỡng dân gian | ||
| OWN | |a LSP | ||
| AVA | |a UDN50 |b LSP |d 398.410959721 ĐĂ-T |e available |t Error 5001 Not defined in file expand_doc_bib_avail. |f 1 |g 0 |h N |i 0 |k 1 | ||
| 999 | |a From the UDN01 | ||
| AVA | |a UDN50 |b LSP |d 398.410959721 ĐĂ-T |e available |t Error 5001 Not defined in file expand_doc_bib_avail. |f 1 |g 0 |h N |i 0 |k 1 | ||
| TYP | |a Monograph | ||
| TYP | |a Printed language | ||
| 980 | |a Mạng thư viện Đại học Đà Nẵng | ||